Inspections and reports on dwellings (Record no. 108456)

MARC details
000 -LEADER
fixed length control field 01684cam a22002655a 4500
001 - CONTROL NUMBER
control field L144326
008 - FIXED-LENGTH DATA ELEMENTS--GENERAL INFORMATION
fixed length control field 080710s2008 xxkabo f s 001 0 eng d
020 ## - INTERNATIONAL STANDARD BOOK NUMBER
International Standard Book Number 9780728204508
035 ## - SYSTEM CONTROL NUMBER
System control number (Sirsi) u144326
041 0# - LANGUAGE CODE
Language code of text/sound track or separate title eng
050 04 - LIBRARY OF CONGRESS CALL NUMBER
Classification number 690.2 $2 18
100 1# - MAIN ENTRY--PERSONAL NAME
Personal name Melville, Ian
245 00 - TITLE STATEMENT
Title Inspections and reports on dwellings
Remainder of title reporting for sellers
260 ## - PUBLICATION, DISTRIBUTION, ETC.
Place of publication, distribution, etc. London
Name of publisher, distributor, etc. Estates Gazette Books
Date of publication, distribution, etc. 2008
300 ## - PHYSICAL DESCRIPTION
Extent iv, 456p.
Other physical details ill.
Dimensions 25cm.
505 2# - FORMATTED CONTENTS NOTE
Formatted contents note Background -- Legislation -- Sellers, buyers and the reports -- Home inspectors, qualification -- Site notes -- The Home Condition Report and Energy Performance Certificate -- Sample Home Condition Report and EPC, House -- Sample Home Condition Report and EPC, Flat -- Lending on dwellings, surveyors and valuers -- The Home Report: Single Survey, Energy Report and property questionnaire -- Sample Home Report, House -- Sample Home Report, Flat -- Glossary
520 ## - SUMMARY, ETC.
Summary, etc. Book covers reports prepared before dwellings are put up for sale (both voluntary and mandatory). Discusses the requisite standard formats for reports in England, Scotland and Wales. Examines relevant legislation and provides insight into the qualification and certification process for Home Inspector Valuers. Also provides a section on lending on dwellings and the practicalities of valuation using the comparative, investment and residual methods. Provides examples of standard forms and examples of completed reports.
521 ## - TARGET AUDIENCE NOTE
Target audience note Advanced
590 ## - LOCAL NOTE (RLIN)
Local note KA
651 #4 - SUBJECT ADDED ENTRY--GEOGRAPHIC NAME
Geographic name United Kingdom
Chronological subdivision
690 ## - LOCAL SUBJECT ADDED ENTRY--TOPICAL TERM (OCLC, RLIN)
Topical term or geographic name as entry element PROPERTY-RESIDENTIAL PROPERTY-RESIDENTIAL PROPERTY APPRAISAL AND VALUATION
700 1# - ADDED ENTRY--PERSONAL NAME
Personal name Gordon, Ian A.
942 ## - ADDED ENTRY ELEMENTS (KOHA)
Suppress in OPAC 0
Holdings
Withdrawn status Lost status Source of classification or shelving scheme Damaged status Not for loan Home library Current library Shelving location Date acquired Cost, normal purchase price Total Checkouts Full call number Barcode Date last seen Date last checked out Copy number Cost, replacement price Price effective from Koha item type
    Dewey Decimal Classification     London London Books 12/11/2008 36.99 12 690.2 MEL 30076240 06/08/2019 08/06/2010 1 36.99 06/08/2019 Book